00622nam a2200181Ia 4500952013900000999001700139003000400156005001700160008004100177020001800218040000900236082002500245100002900270245004300299260003400342300000800376942005600384 00102ddc40708HISTORYaMESbMEScISLd2019-02-20g70.00l0o954.830088297 QAD/Pp38758r2019-02-20 00:00:00w2019-02-20yBKzGL44R3 c23408d23408OSt20200319095344.0190216s9999||||xx |||||||||||||| ||und|| a9789380081267 coclc a954.830088297bQAD/P aQadiri, Shamsullah92061 0aPracheena Malabar /cShamsullah Qadiri bOther Books,c2012.aCalicut: a79p cBK2ddch954.830088297iQAD/Pk954.830088297mQAD/P